Statistiques concernant Culture générale par chiffre.

Cliquez ici pour prendre le quiz!

Statistiques générales

  • Ce quiz a été pris 732 fois
  • Le résultat moyen est 11 sur 15

Statistiques - réponses

QuestionsRéponses% Correct
Numéro de matricule de l'agent secret "James Bond"007
99%
Nombre de pattes que possède un insecte.6
94%
Pi, avec 2 décimales.3,14
92%
Numéro pour appeler les pompiers en France.18
86%
Nombres de jours dans une année bissextile.366
86%
Nombre d'atomes d'hydrogène dans une molécule d'eau.2
85%
"Le tour du monde en ... jours" de Jules Verne.80
84%
Nombres de roues sur 3 tricycles et 2 quads.17
82%
LVI en chiffre romain.56
76%
Age auquel Louis XIV est monté sur le trône.4 ans
70%
Année de la bataille de Marignan.1515
68%
Numéro de département de la Savoie.73
55%
Nombre de buts inscrits par Thierry Henry en équipe de France.51
44%
Année de fin de construction de la tour Eiffel.1889
39%
Altitude du Mont Blanc.4808 mètres
26%

Distribution des résultats

Percentile par nombre de réponses

% des personnes avec chaque résultat

Votre développement - résultats

Vous n’avez pas pris ce quiz